00581nam a2200205Ia 450000500170000000800410001702000240005804000190008204100120010108200150011324500550012826000290018330000170021244000320022950400400026165000180030165100240031970000220034385000100036520230318093738.0131103s9999 xx 000 0 und d a460114913cGBP 2.95 aLoreto College aEnglish a822.3bCRA aMinon Elizabethan tragediescedited by T. W. Craik aLondonbJ. M. Dentc1974 axxiv,285 p.  aEveryman university library aIncludes bibliographical references aEnglish Drama a1558-1625 - tragedy aCraik, T. W., ed. aLCLIB